Manchester City Squad 2018-2019 - Statistics

General Stats
  • This quiz has been taken 123 times
  • The average score is 21 of 27
Answer Stats
# Position Nation Player % Correct
17 MF Belgium Kevin De Bruyne
94%
2 DF England Kyle Walker
94%
26 FW Algeria Riyad Mahrez
94%
8 MF Germany İlkay Gündoğan
92%
20 FW Portugal Bernardo Silva
91%
21 MF Spain David Silva
91%
- Coach Spain Pep Guardiola
91%
10 FW Argentina Sergio Agüero
91%
31 GK Brazil Ederson
90%
35 DF Ukraine Oleksandr Zinchenko
90%
7 FW England Raheem Sterling
90%
1 GK Chile Claudio Bravo
88%
25 MF Brazil Fernandinho
88%
5 DF England John Stones
88%
4 DF Belgium Vincent Kompany
88%
19 FW Germany Leroy Sané
87%
47 MF England Phil Foden
87%
33 FW Brazil Gabriel Jesus
84%
30 DF Argentina Nicolás Otamendi
84%
14 DF Spain Aymeric Laporte
82%
22 DF France Benjamin Mendy
79%
3 DF Brazil Danilo
68%
18 MF England Fabian Delph
53%
15 DF France Eliaquim Mangala
52%
55 MF Morocco Brahim Díaz
42%
49 GK Kosovo Arijanet Murić
27%
34 DF Netherlands Philippe Sandler
8%
No matching quizzes found
Score Distribution
Percent of People with Each Score
Percentile by Number Answered
Your Score History
You have not taken this quiz